Countries Containing 'ANA' Quiz Stats

 Plays Quiz Updated May 11, 2018

Challenge
Share
Tweet
Embed
Score 0/5 Timer 01:00
4 Plays Today
% Correct
Canada
64%
Panama
59.5%
Ghana
50%
Guyana
41.7%
Botswana
35%

You're not logged in!

Compare scores with friends on all Sporcle quizzes.
Join for Free
OR
Log In

You Might Also Like...

Show Comments

Extras

Top Quizzes Today


Score Distribution

Your Account Isn't Verified!

In order to create a playlist on Sporcle, you need to verify the email address you used during registration. Go to your Sporcle Settings to finish the process.

Report this User

Report this user for behavior that violates our Community Guidelines.

Details: